|
|
|
|
| LEADER |
01114nam a2200289 4500 |
| 001 |
DLU100105306 |
| 005 |
##20100325 |
| 040 |
# |
# |
|a DLU
|b vie
|
| 041 |
# |
# |
|a vie
|
| 044 |
# |
# |
|a vn
|
| 082 |
# |
# |
|a 635
|b LE-M
|
| 100 |
# |
# |
|a Lê Thị Xuân Mai.
|
| 245 |
# |
# |
|a Nghiên cứu một số biện pháp kỹ thuật trong sản xuất hạt và sản xuất rau mầm cải củ (Raphanus sativus L.) :
|b Tóm tắt Luận văn Thạc sĩ Sinh học /
|c Lê Thị Xuân Mai; Phan Thanh Kiếm hướng dẫn.
|
| 260 |
# |
# |
|a Đà Lạt :
|b Trường Đại học Đà lạt,
|c 2009.
|
| 300 |
# |
# |
|a 24 tr. ;
|c 21 cm.
|
| 653 |
# |
# |
|a Kỹ thuật nông nghiệp
|a Sản xuất hạt
|a Sản xuất rau
|a Rau mầm
|a Cải củ
|a Raphanus sativus L.
|
| 700 |
# |
# |
|a Phan Thanh Kiếm,
|c PGS.TS,
|e hướng dẫn.
|
| 915 |
# |
# |
|a Sinh học Thực nghiệm
|b 604230
|c Thạc sĩ
|d Trường Đại học Đà lạt
|e Bộ Giáo dục và Đào tạo
|
| 992 |
# |
# |
|a 0
|
| 994 |
# |
# |
|a DLU
|
| 900 |
# |
# |
|a True
|
| 911 |
# |
# |
|a Đào Thị Thu Huyền
|
| 925 |
# |
# |
|a G
|
| 926 |
# |
# |
|a A
|
| 927 |
# |
# |
|a LA
|
| 980 |
# |
# |
|a Thư viện Trường Đại học Đà Lạt
|